[Event "GBR-ch U1750 op 105th"]
[Site "Hull"]
[Date "2018.07.30"]
[Round "1"]
[White "White, Nigel1111"]
[Black "Livermore, Richard"]
[Result "0-1"]
[WhiteElo "1405"]
[BlackElo "1610"]
[PlyCount "156"]
[EventDate "2018.07.30"]
[EventType "swiss"]
[EventRounds "5"]
[EventCountry "ENG"]
[SourceTitle "EXT 2021"]
[Source "ChessBase"]
[SourceDate "2020.10.23"]
[SourceVersion "1"]
[SourceVersionDate "2020.10.23"]
[SourceQuality "1"]

1. e4 e6 2. d4 d5 3. Nd2 dxe4 4. Nxe4 Nd7 5. Nf3 Ngf6 6. Bd3 c5 7. c3 cxd4 8. Nxd4 a6 9. 0-0 Nc5 10. Nxf6+ Qxf6 11. Bc2 Bd6 12. Nf3 e5 13. Bg5 Qe6 14. Bf5 Qxf5 15. Qxd6 f6 16. Qxc5 fxg5 17. Qxe5+ Qxe5 18. Nxe5 Be6 19. Rfe1 Rg8 20. a3 h6 21. Rad1 Ke7 22. Re3 Rad8 23. Ree1 Kf6 24. Nf3 Bg4 25. Rd4 Bxf3 26. gxf3 Rxd4 27. cxd4 Rd8 28. Rd1 Ke6 29. Kf1 Kd5 30. Ke2 Rd6 31. Rd2 Rc6 32. Ke3 b6 33. h3 Rc1 34. f4 Re1+ 35. Kf3 gxf4 36. Kxf4 Re4+ 37. Kf5 Rh4 38. Kg6 Rxh3 39. Kxg7 h5 40. f4 Rf3 41. Rh2 Rxf4 42. Rxh5+ Kxd4 43. Rh6 Kc5 44. Rh5+ Kc4 45. Rh6 Kb5 46. Rh5+ Ka4 47. Rh6 Kb5 48. Rh5+ Kc6 49. Rh6+ Kc7 50. Kg8 Rd4 51. Rh7+ Kc6 52. Rh6+ Kc5 53. b4+ Kb5 54. Rh5+ Kc6 55. Rh6+ Rd6 56. Rh3 Kb5 57. Rh5+ Ka4 58. Rh3 a5 59. bxa5 Kxa5 60. Kf7 Ka4 61. Ke7 Rd1 62. Rh6 b5 63. Ra6+ Kb3 64. Rb6 Rd5 65. Ke6 Rh5 66. Kd7 Kxa3 67. Ra6+ Kb3 68. Kc6 b4 69. Kb7 Rh7+ 70. Kc8 Kc3 71. Rb6 b3 72. Rb5 Kc2 73. Rc5+ Kb1 74. Rb5 b2 75. Rb4 Rh2 76. Kb7 Rc2 77. Rh4 Ka2 78. Ra4+ Kb3 0-1

[Event "South Wales New Year Major"]
[Site "Bridgend"]
[Date "2018.01.10"]
[Round "5"]
[White "Lutchman Singh, Aishwarya"]
[Black "Livermore, Richard"]
[Result "0-1"]
[WhiteElo "1356"]
[BlackElo "1697"]
[PlyCount "104"]
[EventDate "2018.01.05"]
[EventType "swiss"]
[EventRounds "5"]
[EventCountry "WLS"]
[SourceTitle "EXT 2020"]
[Source "ChessBase"]
[SourceDate "2019.10.17"]
[SourceVersion "1"]
[SourceVersionDate "2019.10.17"]
[SourceQuality "1"]

1. d4 Nf6 2. Nf3 d5 3. Bf4 g6 4. e3 Bg7 5. Nbd2 c5 6. c3 Nc6 7. Bd3 b6 8. Ne5 Nxe5 9. Bxe5 0-0 10. h3 Nd7 11. Bxg7 Kxg7 12. g4 e5 13. h4 e4 14. Bc2 Nf6 15. g5 Nh5 16. f3 cxd4 17. cxd4 f6 18. Rg1 Qc7 19. fxe4 fxg5 20. Rxg5 Qh2 21. Nf3 Qh1+ 22. Kd2 Qxf3 23. Qxf3 Rxf3 24. Bd1 Rg3 25. Rxd5 Nf6 26. Re5 Ba6 27. Bb3 Rg2+ 28. Kc3 Rc8+ 29. Kb4 Rc7 30. d5 Rd7 31. Bc4 b5 32. Bxb5 Bxb5 33. Kxb5 Rxb2+ 34. Kc6 Rc2+ 35. Kb5 Re2 36. Re6 Rxe3 37. Kc6 Rc3+ 38. Kb5 Rb7+ 39. Ka4 Rc4+ 40. Ka5 Rxe4 41. Rf1 Rxe6 42. dxe6 Re7 43. Re1 Nd5 44. Kb5 Kf6 45. Kc6 Nf4 46. Rf1 Kf5 47. Kd6 Rxe6+ 48. Kd7 Re2 49. a4 Rh2 50. Rc1 Rd2+ 51. Ke7 Nd5+ 52. Kf8 Nf4 0-1

[Event "GBR-ch Soanes op 104th"]
[Site "Llandudno"]
[Date "2017.07.28"]
[Round "1"]
[White "Livermore, Richard"]
[Black "Clark, Andrew P"]
[Result "1/2-1/2"]
[WhiteElo "1565"]
[BlackElo "1690"]
[PlyCount "62"]
[EventDate "2017.07.28"]
[EventType "swiss"]
[EventRounds "5"]
[EventCountry "WLS"]
[SourceTitle "EXT 2019"]
[Source "ChessBase"]
[SourceDate "2018.10.10"]
[SourceVersion "1"]
[SourceVersionDate "2018.10.10"]
[SourceQuality "1"]

1. d4 d5 2. Nf3 c6 3. e3 Bf5 4. Bd3 Bxd3 5. cxd3 Nd7 6. 0-0 Qc7 7. Nc3 Ngf6 8. Bd2 e5 9. dxe5 Nxe5 10. Nxe5 Qxe5 11. f4 Qf5 12. e4 Bc5+ 13. Kh1 Qg4 14. exd5 Qxd1 15. Raxd1 Ng4 16. Rde1+ Kd7 17. Ne4 Bd4 18. dxc6+ bxc6 19. Bc3 Bxc3 20. bxc3 Rae8 21. h3 Nh6 22. f5 Re5 23. g4 Rhe8 24. Rb1 Kc7 25. Kg2 f6 26. Rb3 Rb5 27. Rfb1 Rxb3 28. Rxb3 Nf7 29. Kf2 Ne5 30. c4 Nxd3+ 31. Rxd3 Rxe4 1/2-1/2

[Event "South Wales op 14th"]
[Site "Cardiff"]
[Date "2017.07.08"]
[Round "2"]
[White "Van Kemenade, Rudy"]
[Black "Livermore, Richard"]
[Result "1/2-1/2"]
[WhiteElo "1985"]
[BlackElo "1565"]
[PlyCount "103"]
[EventDate "2017.07.08"]
[EventType "swiss"]
[EventRounds "10"]
[EventCountry "WLS"]
[SourceTitle "EXT 2018"]
[Source "ChessBase"]
[SourceDate "2017.10.13"]
[SourceVersion "1"]
[SourceVersionDate "2017.10.13"]
[SourceQuality "1"]

1. f4 d5 2. Nf3 Nc6 3. d4 Nf6 4. e3 g6 5. c4 Bg7 6. cxd5 Qxd5 7. Nc3 Qd8 8. d5 Nb8 9. e4 e6 10. Bb5+ c6 11. dxc6 Qxd1+ 12. Kxd1 bxc6 13. Bc4 Ng4 14. Kc2 0-0 15. e5 Ba6 16. Bxa6 Nxa6 17. h3 Nf2 18. Rf1 Nb4+ 19. Kb1 Nfd3 20. Be3 Rab8 21. Na4 Nd5 22. Bxa7 Ra8 23. Bc5 Nxc5 24. Nxc5 Nxf4 25. Rf2 Rfd8 26. Kc2 Rd5 27. b4 Bf8 28. Rd2 Bxc5 29. Rxd5 exd5 30. bxc5 Ra5 31. a4 Nxg2 32. Kb3 Rxc5 33. Nd4 Ne3 34. a5 Nc4 35. Kb4 Rxa5 36. Rxa5 Nxa5 37. Kxa5 c5 38. Nc6 d4 39. Kb5 Kf8 40. Kc4 g5 41. Kd3 f5 42. exf6 Kf7 43. Ne5+ Kxf6 44. Nd7+ Kf5 45. Nxc5 h6 46. Nb3 Kf4 47. Nxd4 Kg3 48. Nf5+ Kxh3 49. Nxh6 Kh4 50. Ke4 Kh5 51. Nf5 g4 52. Kf4 1/2-1/2

[Event "Tom Weston Major op"]
[Site "Cardiff"]
[Date "2017.04.16"]
[Round "6"]
[White "Qiu, Anlan"]
[Black "Livermore, Richard"]
[Result "1/2-1/2"]
[WhiteElo "1612"]
[BlackElo "1553"]
[PlyCount "52"]
[EventDate "2017.04.14"]
[EventType "swiss"]
[EventRounds "7"]
[EventCountry "WLS"]
[SourceTitle "EXT 2019"]
[Source "ChessBase"]
[SourceDate "2018.10.10"]
[SourceVersion "1"]
[SourceVersionDate "2018.10.10"]
[SourceQuality "1"]

1. e4 e6 2. d3 d5 3. Nd2 c5 4. Ngf3 Nc6 5. g3 Nf6 6. Bg2 dxe4 7. dxe4 e5 8. 0-0 Bg4 9. h3 Be6 10. Qe2 Nd4 11. Nxd4 cxd4 12. f4 Qc7 13. f5 Bc5 14. Qd3 Bd7 15. a4 Rc8 16. Nc4 b5 17. axb5 Bxb5 18. Nd6+ Qxd6 19. Qxb5+ Qc6 20. Qd3 Bb6 21. Rf2 Qc4 22. Qxc4 Rxc4 23. Bf1 d3 24. Bxd3 Rc7 25. Bd2 Bxf2+ 26. Kxf2 0-0 1/2-1/2

[Event "Tom Weston Major op"]
[Site "Cardiff"]
[Date "2017.04.15"]
[Round "4"]
[White "Stuart, Neil"]
[Black "Livermore, Richard"]
[Result "1/2-1/2"]
[WhiteElo "1762"]
[BlackElo "1553"]
[PlyCount "32"]
[EventDate "2017.04.14"]
[EventType "swiss"]
[EventRounds "7"]
[EventCountry "WLS"]
[SourceTitle "EXT 2019"]
[Source "ChessBase"]
[SourceDate "2018.10.10"]
[SourceVersion "1"]
[SourceVersionDate "2018.10.10"]
[SourceQuality "1"]

1. d4 Nf6 2. Nf3 b6 3. c4 e6 4. a3 Bb7 5. Nc3 d5 6. Bg5 Be7 7. e3 0-0 8. Rc1 Nbd7 9. Bd3 Rc8 10. 0-0 Ne8 11. Bxe7 Qxe7 12. cxd5 exd5 13. Qb3 c6 14. Rfe1 Nd6 15. e4 dxe4 16. Nxe4 Nf6 1/2-1/2

[Event "South Wales New Year op-B"]
[Site "Bridgend"]
[Date "2017.01.07"]
[Round "3"]
[White "Jeanes, Andrew"]
[Black "Livermore, Richard"]
[Result "1-0"]
[WhiteElo "1563"]
[BlackElo "1725"]
[PlyCount "78"]
[EventDate "2017.01.06"]
[EventType "swiss"]
[EventRounds "5"]
[EventCountry "WLS"]
[SourceTitle "EXT 2019"]
[Source "ChessBase"]
[SourceDate "2018.10.10"]
[SourceVersion "1"]
[SourceVersionDate "2018.10.10"]
[SourceQuality "1"]

1. c4 Nf6 2. Nc3 e6 3. d4 d5 4. e3 c6 5. Nf3 Nbd7 6. a3 a5 7. Bd2 Be7 8. cxd5 exd5 9. Bd3 b5 10. 0-0 Ba6 11. Qe2 0-0 12. Rfc1 Qb6 13. Na2 b4 14. axb4 Bxd3 15. Qxd3 axb4 16. Rcb1 Ra7 17. Nc1 Rfa8 18. Rxa7 Rxa7 19. Nb3 Ne4 20. g3 Ndf6 21. h3 Qc7 22. Ne5 Bd6 23. Be1 Bxe5 24. dxe5 Qxe5 25. Bxb4 Nxg3 26. Bc3 Qg5 27. Bxf6 Qxf6 28. fxg3 Qf3 29. Nd4 Qxg3+ 30. Kh1 Qxh3+ 31. Kg1 Ra4 32. Kf2 Rc4 33. Qf5 Qh2+ 34. Kf3 g6 35. Qf6 Qh5+ 36. Kg3 c5 37. Rf1 g5 38. Qd8+ Kg7 39. Ne6+ Kg6 1-0

[Event "BCF-ch 103rd U160/1900"]
[Site "Bournemouth"]
[Date "2016.08.05"]
[Round "5"]
[White "Livermore, Richard"]
[Black "Papier, Alan"]
[Result "0-1"]
[WhiteElo "1573"]
[BlackElo "1731"]
[PlyCount "64"]
[EventDate "2016.08.01"]
[EventType "swiss"]
[EventRounds "5"]
[EventCountry "ENG"]
[SourceTitle "EXT 2019"]
[Source "ChessBase"]
[SourceDate "2018.10.10"]
[SourceVersion "1"]
[SourceVersionDate "2018.10.10"]
[SourceQuality "1"]

1. Nf3 Nf6 2. d4 g6 3. c4 Bg7 4. Nc3 d5 5. e3 0-0 6. Qb3 dxc4 7. Bxc4 Nc6 8. Bxf7+ Rxf7 9. Ng5 Qf8 10. Nxf7 Qxf7 11. Qxf7+ Kxf7 12. a3 Na5 13. b4 Nb3 14. Rb1 Nxc1 15. Rxc1 Bd7 16. 0-0 b5 17. h3 a5 18. Rfd1 axb4 19. axb4 Ra3 20. Nb1 Rb3 21. Rxc7 Rxb4 22. Nc3 Rb3 23. Rb1 Rxb1+ 24. Nxb1 Bf5 25. Nd2 Bd3 26. Rc3 Be2 27. f3 Nd5 28. Rc5 e6 29. Kf2 Bd3 30. Ne4 b4 31. Nd6+ Ke7 32. Nc4 Bxc4 0-1

[Event "BCF-ch 103rd U160/1900"]
[Site "Bournemouth"]
[Date "2016.08.03"]
[Round "3"]
[White "Livermore, Richard"]
[Black "Horlock, Peter J"]
[Result "1-0"]
[WhiteElo "1573"]
[BlackElo "1604"]
[PlyCount "89"]
[EventDate "2016.08.01"]
[EventType "swiss"]
[EventRounds "5"]
[EventCountry "ENG"]
[SourceTitle "EXT 2019"]
[Source "ChessBase"]
[SourceDate "2018.10.10"]
[SourceVersion "1"]
[SourceVersionDate "2018.10.10"]
[SourceQuality "1"]

1. d4 Nf6 2. Nf3 d5 3. e3 e6 4. Bd3 Nbd7 5. 0-0 Bd6 6. b3 0-0 7. Nbd2 e5 8. dxe5 Nxe5 9. Bb2 Nxd3 10. cxd3 Bg4 11. Rc1 Nd7 12. Qc2 c6 13. Rfe1 Re8 14. h3 Bxf3 15. Nxf3 Re6 16. e4 dxe4 17. dxe4 Qe7 18. Nd4 Rg6 19. Nf5 Qg5 20. f3 Bc7 21. Rcd1 Ne5 22. Qe2 Re8 23. Bc1 Qf6 24. Be3 Qe6 25. Nh4 Rg3 26. Kh1 Nxf3 27. Nxf3 Rxf3 28. Qxf3 Qe5 29. g3 Qe6 30. Kh2 Qg6 31. Rd7 Ba5 32. Red1 h6 33. a3 Rxe4 34. Rxf7 Re8 35. Rf1 Qc2+ 36. Rf2 Qxb3 37. Rf8+ Rxf8 38. Qxf8+ Kh7 39. Qf5+ Kg8 40. Qxa5 Qxe3 41. Qb4 b6 42. Qf8+ Kh7 43. Qf3 Qc1 44. Qd3+ Kg8 45. Qb3+ 1-0

[Event "BCF-ch 103rd Seniors 65 U150/1750"]
[Site "Bournemouth"]
[Date "2016.08.03"]
[Round "3"]
[White "MacGilchrist, Siegrun"]
[Black "Livermore, Richard"]
[Result "1-0"]
[WhiteElo "1723"]
[BlackElo "1573"]
[PlyCount "89"]
[EventDate "2016.08.01"]
[EventType "swiss"]
[EventRounds "5"]
[EventCountry "ENG"]
[SourceTitle "EXT 2019"]
[Source "ChessBase"]
[SourceDate "2018.10.10"]
[SourceVersion "1"]
[SourceVersionDate "2018.10.10"]
[SourceQuality "1"]

1. c4 Nf6 2. Nc3 e6 3. g3 d5 4. cxd5 exd5 5. Bg2 c6 6. e3 Be7 7. Nge2 0-0 8. 0-0 Bf5 9. d3 Nbd7 10. e4 dxe4 11. dxe4 Bg6 12. Nf4 Ne5 13. Qxd8 Raxd8 14. Nxg6 Nxg6 15. Be3 a6 16. Bb6 Rd2 17. Rab1 Re8 18. f4 Nd7 19. Be3 Bc5 20. Bxc5 Nxc5 21. b4 Nd7 22. Rbd1 Rxd1 23. Rxd1 Nb6 24. e5 Kf8 25. a4 Ke7 26. a5 Nc4 27. Kf2 Nf8 28. Rd4 Na3 29. Na4 Ne6 30. Rd1 Nc2 31. Be4 Ncd4 32. f5 Nxf5 33. Bxf5 g6 34. Bxe6 Kxe6 35. Nc5+ Kf5 36. Rd7 Rxe5 37. Rxf7+ Kg4 38. Rxh7 Rd5 39. Rh4+ Kf5 40. Ke3 g5 41. Rh8 Re5+ 42. Kd3 Rd5+ 43. Kc3 Re5 44. Nxb7 Ke4 45. Nc5+ 1-0

[Event "South Wales op 12th"]
[Site "Cardiff"]
[Date "2015.07.12"]
[Round "3"]
[White "Whitehead, Mark A"]
[Black "Livermore, Richard"]
[Result "1-0"]
[WhiteElo "2005"]
[BlackElo "1583"]
[PlyCount "59"]
[EventDate "2015.07.11"]
[EventType "swiss"]
[EventRounds "10"]
[EventCountry "WLS"]
[SourceTitle "EXT 2016"]
[Source "ChessBase"]
[SourceDate "2015.10.08"]
[SourceVersion "1"]
[SourceVersionDate "2015.10.08"]
[SourceQuality "1"]

1. e4 c5 2. Nc3 Nc6 3. g3 g6 4. Bg2 Bg7 5. d3 e6 6. Be3 d6 7. Qd2 a6 8. f4 Nge7 9. Nf3 Bd7 10. 0-0 Qc7 11. Nd1 f5 12. Nh4 0-0-0 13. c3 b6 14. Rc1 d5 15. e5 Bf8 16. Nf3 h6 17. b4 c4 18. a4 b5 19. Nb2 Kb8 20. Qf2 Nc8 21. axb5 axb5 22. Ra1 Qb7 23. dxc4 bxc4 24. Na4 Rh7 25. Rfb1 N6a7 26. Nc5 Qc6 27. Nd4 Qb6 28. Ra6 Qc7 29. Qa2 Nb6 30. Ndxe6 1-0

[Event "WLS-ch Minor"]
[Site "Cardiff"]
[Date "2015.04.05"]
[Round "5"]
[White "Binesmael, Mohamed"]
[Black "Livermore, Richard"]
[Result "1-0"]
[WhiteElo "1553"]
[BlackElo "1649"]
[PlyCount "125"]
[EventDate "2015.04.03"]
[EventType "swiss"]
[EventRounds "7"]
[EventCountry "WLS"]
[SourceTitle "EXT 2022"]
[Source "ChessBase"]
[SourceDate "2021.10.06"]
[SourceVersion "1"]
[SourceVersionDate "2021.10.06"]
[SourceQuality "1"]

1. e4 c5 2. Nf3 g6 3. d4 cxd4 4. Nxd4 Nc6 5. Be3 Nf6 6. Nc3 Bg7 7. Bc4 Nxe4 8. Bxf7+ Kxf7 9. Nxe4 Rf8 10. 0-0 e5 11. Nd6+ Kg8 12. Nf3 Ne7 13. c3 Qa5 14. Qb3+ Qd5 15. Qa3 Nf5 16. Rad1 Qe6 17. Ng5 Qf6 18. Qb3+ Kh8 19. Ndf7+ Kg8 20. Nxe5+ Kh8 21. Bf4 Ne7 22. g3 h6 23. Ngf7+ Kh7 24. Rd6 Qf5 25. Re1 g5 26. Be3 Bxe5 27. Nxe5 Qxe5 28. Qb4 Nf5 29. Rdd1 Qf6 30. Qe4 Kg8 31. Bc5 d6 32. Bb4 Rb8 33. g4 Nh4 34. Qc4+ Kh8 35. Qe2 Bxg4 36. Qxg4 Qxf2+ 37. Kh1 Rf4 38. Qh3 Rbf8 39. Bxd6 g4 40. Be5+ Kg8 41. Rg1 Qf3+ 42. Qxf3 Nxf3 43. Bxf4 Nxg1 44. Bxh6 Rf6 45. Be3 Nh3 46. Bxa7 b6 47. Rd2 Ng5 48. Kg2 Ne4 49. Re2 Nc5 50. Kg3 Rg6 51. Bb8 Kf7 52. Be5 Re6 53. Kxg4 Kg6 54. Kf3 Nd3 55. Bd4 Rc6 56. Rd2 Nc5 57. Kf4 Ne6+ 58. Ke5 Ng5 59. Kd5 Rc7 60. Rg2 Kf5 61. Bxb6 Rg7 62. h4 Rb7 63. Rxg5+ 1-0

[Event "WLS-ch Minor"]
[Site "Cardiff"]
[Date "2015.04.03"]
[Round "2"]
[White "Livermore, Richard"]
[Black "Wang, Emily"]
[Result "1-0"]
[WhiteElo "1649"]
[BlackElo "1153"]
[PlyCount "99"]
[EventDate "2015.04.03"]
[EventType "swiss"]
[EventRounds "7"]
[EventCountry "WLS"]
[SourceTitle "EXT 2022"]
[Source "ChessBase"]
[SourceDate "2021.10.06"]
[SourceVersion "1"]
[SourceVersionDate "2021.10.06"]
[SourceQuality "1"]

1. d4 c6 2. Nf3 d5 3. c4 Bf5 4. Nc3 Nf6 5. c5 Qa5 6. Bd2 Qc7 7. g3 e6 8. Bg2 Be7 9. 0-0 0-0 10. b4 b6 11. Qb3 Ne4 12. Bf4 Qb7 13. Nxe4 Bxe4 14. Nd2 Bxg2 15. Kxg2 bxc5 16. dxc5 Na6 17. a3 Bf6 18. Rab1 Nc7 19. a4 a6 20. Nf3 Rfb8 21. Rfe1 Qc8 22. Ne5 Bxe5 23. Bxe5 a5 24. Qc3 axb4 25. Rxb4 Rxb4 26. Qxb4 Na6 27. Qb6 h6 28. e4 dxe4 29. Rxe4 Nb8 30. Qc7 Nd7 31. Qxc8+ Rxc8 32. Bd6 Ra8 33. Rd4 Kh7 34. Be7 Ra7 35. a5 e5 36. Ra4 Nf6 37. Bd8 Nd7 38. Bb6 Ra6 39. Ra2 f6 40. Rd2 Nf8 41. Rd6 e4 42. Rxc6 Nd7 43. Rc7 Nxb6 44. axb6 Ra8 45. b7 Rb8 46. c6 Re8 47. Rc8 Re7 48. b8Q e3 49. fxe3 Rxe3 50. Qb1+ 1-0

[Event "South Wales New Year Major op"]
[Site "Bridgend"]
[Date "2015.01.03"]
[Round "3"]
[White "Blackmore, Simon"]
[Black "Livermore, Richard"]
[Result "0-1"]
[WhiteElo "1785"]
[BlackElo "1535"]
[PlyCount "98"]
[EventDate "2015.01.02"]
[EventType "swiss"]
[EventRounds "5"]
[EventCountry "WLS"]
[SourceTitle "EXT 2018"]
[Source "ChessBase"]
[SourceDate "2017.10.13"]
[SourceVersion "1"]
[SourceVersionDate "2017.10.13"]
[SourceQuality "1"]

1. e4 c5 2. Nf3 g6 3. c3 Bg7 4. d4 cxd4 5. cxd4 Nc6 6. Nc3 Qb6 7. Nd5 Qd8 8. e5 e6 9. Ne3 d6 10. d5 exd5 11. Qxd5 dxe5 12. Qxd8+ Nxd8 13. Bb5+ Bd7 14. Bxd7+ Kxd7 15. Nc4 f6 16. Be3 Nc6 17. Rd1+ Kc7 18. Bc5 Bf8 19. Nd6 Bxd6 20. Bxd6+ Kb6 21. Rd3 a5 22. Rb3+ Ka6 23. a4 Nge7 24. Bc5 Nd5 25. 0-0 Rhd8 26. Rc1 Ndb4 27. Kf1 Rd3 28. Rcc3 Rad8 29. Ke2 e4 30. Ne1 Nd4+ 31. Bxd4 R3xd4 32. Rc7 R8d7 33. Rxd7 Rxd7 34. f3 Nc6 35. Nc2 Nd4+ 36. Nxd4 Rxd4 37. fxe4 Rxe4+ 38. Re3 Rxe3+ 39. Kxe3 Kb6 40. Kd4 Kc6 41. Kc4 h5 42. Kd4 b6 43. Kc4 g5 44. Kd4 Kd6 45. h3 h4 46. Kc4 f5 47. Kd4 g4 48. hxg4 fxg4 49. Ke3 h3 0-1

[Event "Guernsey Holiday op 40th"]
[Site "Guernsey"]
[Date "2014.10.22"]
[Round "4"]
[White "Livermore, Richard"]
[Black "Van Beek, Ronald"]
[Result "1/2-1/2"]
[WhiteElo "1619"]
[BlackElo "1290"]
[PlyCount "55"]
[EventDate "2014.10.19"]
[EventType "swiss"]
[EventRounds "7"]
[EventCountry "GCI"]
[SourceTitle "EXT 2022"]
[Source "ChessBase"]
[SourceDate "2021.10.06"]
[SourceVersion "1"]
[SourceVersionDate "2021.10.06"]
[SourceQuality "1"]

1. d4 Nf6 2. Nf3 g6 3. c4 d6 4. Nc3 Bg7 5. e4 0-0 6. Be2 c5 7. d5 e5 8. 0-0 b6 9. h3 h5 10. Be3 Bd7 11. Qd2 Nh7 12. Ng5 f5 13. Nxh7 Kxh7 14. Bg5 Bf6 15. exf5 Bxg5 16. fxg6+ Kxg6 17. Qd3+ Bf5 18. Qd1 Rh8 19. g4 hxg4 20. hxg4 Bd7 21. Bd3+ Kg7 22. Kg2 Rh6 23. Qf3 Qh8 24. Rh1 Na6 25. Ne4 Rf8 26. Qe2 Be7 27. Rxh6 Qxh6 28. Rh1 1/2-1/2

[Event "Guernsey Holiday op 40th"]
[Site "Guernsey"]
[Date "2014.10.19"]
[Round "1"]
[White "Norman, Dinah M"]
[Black "Livermore, Richard"]
[Result "1/2-1/2"]
[WhiteElo "1735"]
[BlackElo "1619"]
[PlyCount "59"]
[EventDate "2014.10.19"]
[EventType "swiss"]
[EventRounds "7"]
[EventCountry "GCI"]
[SourceTitle "EXT 2022"]
[Source "ChessBase"]
[SourceDate "2021.10.06"]
[SourceVersion "1"]
[SourceVersionDate "2021.10.06"]
[SourceQuality "1"]

1. d4 Nf6 2. Nf3 e6 3. Bg5 d5 4. e3 Nbd7 5. Nbd2 c6 6. c3 Be7 7. Bd3 Qc7 8. Bf4 Bd6 9. Bxd6 Qxd6 10. h3 c5 11. 0-0 c4 12. Bc2 b5 13. e4 dxe4 14. Nxe4 Nxe4 15. Bxe4 Rb8 16. a3 Bb7 17. Bxb7 Rxb7 18. Qe2 0-0 19. Rfe1 h6 20. Rad1 Nf6 21. Ne5 Nd5 22. g3 Re7 23. a4 a6 24. axb5 axb5 25. Ra1 Nc7 26. Ra5 Qd5 27. Rea1 Ree8 28. Kh2 Ra8 29. Qf3 Qxf3 30. Nxf3 1/2-1/2

[Event "WLS-ch Minor"]
[Site "Cardiff"]
[Date "2014.04.19"]
[Round "4"]
[White "Williams, Gavin"]
[Black "Livermore, Richard"]
[Result "1-0"]
[WhiteElo "1646"]
[BlackElo "1544"]
[PlyCount "79"]
[EventDate "2014.04.18"]
[EventType "swiss"]
[EventRounds "7"]
[EventCountry "WLS"]
[SourceTitle "EXT 2022"]
[Source "ChessBase"]
[SourceDate "2021.10.06"]
[SourceVersion "1"]
[SourceVersionDate "2021.10.06"]
[SourceQuality "1"]

1. e4 d5 2. exd5 Qxd5 3. Nc3 Qa5 4. d4 c6 5. Nf3 Bf5 6. Bd3 Bxd3 7. Qxd3 Nf6 8. 0-0 Nbd7 9. Re1 0-0-0 10. Bd2 h6 11. Ne4 Qc7 12. Qa3 b6 13. Qa6+ Qb7 14. Qc4 Nxe4 15. Rxe4 e6 16. Re3 g5 17. Bc3 Bg7 18. b4 Kb8 19. a4 Rc8 20. Ne5 Nxe5 21. dxe5 c5 22. b5 Rhd8 23. a5 Qd5 24. Qe2 c4 25. axb6 axb6 26. Bb4 Bf8 27. Bxf8 Rxf8 28. Rea3 Qxb5 29. Ra8+ Kb7 30. R8a7+ Kc6 31. R7a4 Kd7 32. Rd1+ Ke8 33. Ra7 Rd8 34. Rxd8+ Kxd8 35. Ra8+ Ke7 36. Ra7+ Kd8 37. h3 Qd5 38. Qe3 Qc5 39. Qf3 f5 40. Qa8+ 1-0

[Event "WLS-ch Minor"]
[Site "Cardiff"]
[Date "2014.04.18"]
[Round "1"]
[White "Livermore, Richard"]
[Black "Lutchman Singh, Aishwarya"]
[Result "1-0"]
[WhiteElo "1544"]
[BlackElo "1296"]
[PlyCount "69"]
[EventDate "2014.04.18"]
[EventType "swiss"]
[EventRounds "7"]
[EventCountry "WLS"]
[SourceTitle "EXT 2022"]
[Source "ChessBase"]
[SourceDate "2021.10.06"]
[SourceVersion "1"]
[SourceVersionDate "2021.10.06"]
[SourceQuality "1"]

1. d4 Nf6 2. Nf3 d5 3. e3 c5 4. b3 Nc6 5. Bd3 Qb6 6. dxc5 Qxc5 7. Ba3 Qb6 8. 0-0 Bg4 9. h3 Bh5 10. Be2 Nd7 11. Qd4 Nf6 12. Qc5 Qxc5 13. Bxc5 0-0-0 14. Nc3 e6 15. Bxf8 Rhxf8 16. Rfd1 Bg6 17. Bd3 Bxd3 18. cxd3 Rfe8 19. d4 Nd7 20. Rac1 f6 21. Nb5 Kb8 22. a3 Nb6 23. b4 a6 24. Nc3 Nc4 25. b5 axb5 26. Nxb5 Nb6 27. Nd2 e5 28. Nb3 Nd7 29. Nc5 Nxc5 30. Rxc5 exd4 31. Nxd4 Nxd4 32. Rxd4 b6 33. Rcxd5 Rxd5 34. Rxd5 Kc7 35. Kf1 1-0